Records of the Zoological Survey of India : (Record no. 39829)

MARC details
000 -LEADER
fixed length control field 00934nam a22002177a 4500
005 - DATE AND TIME OF LATEST TRANSACTION
control field 20100806104449.0
010 ## - LCCN (DPL NO)
LC control number ENG-98710
020 ## - INTERNATIONAL STANDARD BOOK NUMBER
Terms of availability 350.00
International Standard Book Number 97888181712257
035 ## - SYSTEM CONTROL NUMBER
System control number EN-82242
037 ## - SOURCE OF ACQUISITION
Source of stock number/acquisition DBAD/PUB
082 ## - DEWEY DECIMAL CLASSIFICATION NUMBER
Classification number 591.05
100 ## - MAIN ENTRY--PERSONAL NAME
Personal name Mandal, G. P.
245 ## - TITLE STATEMENT
Title Records of the Zoological Survey of India :
Statement of responsibility, etc by G. P. Mandal [and] A. K. Hazara
Remainder of title a diversity of collembola (Hexapoda) from east and North-East India with some notes on their ecology /
260 ## - PUBLICATION, DISTRIBUTION, ETC. (IMPRINT)
Place of publication, distribution, etc Kolkata
Name of publisher, distributor, etc Zoological Survey of India
Date of publication, distribution, etc 2009
270 ## - ADDRESS
Address 234/4 A. J. C. Bose Road, 2nd MSO Building, Nizam Palace(13rd Floor)
City Kolkata
Postal code 700020
300 ## - PHYSICAL DESCRIPTION
Extent 206 p. :
Dimensions 20 cm. (Pbk)
Other physical details ill.
500 ## - GENERAL NOTE
General note Includes bibliographical references
700 ## - ADDED ENTRY--PERSONAL NAME
9 (RLIN) 7380
942 ## - ADDED ENTRY ELEMENTS (KOHA)
Source of classification or shelving scheme Dewey Decimal Classification
Item type English Books
Classification part 591.05
Call number suffix MAN
Holdings
Withdrawn status Lost status Not for loan Collection code Home library Current library Date acquired Cost, normal purchase price Full call number Barcode Copy number Cost, replacement price Koha item type
    Not For Loan Non-fiction D.B.Act.Division D.B.Act.Division 06/08/2010 350.00 591.05 MAN EN-82242 1 350.00 English Books

© Delhi Public Library
Hit Counter
free hit counter